Catálogo
 En Linea

Matemáticas : (Registro nro. 45707)

Detalles MARC
000 -CABECERA
campo de control de longitud fija 01782nam a2200265 a 4500
001 - NÚMERO DE CONTROL
campo de control 000046218
005 - FECHA Y HORA DE LA ÚLTIMA TRANSACCIÓN
campo de control 20240306073903.0
008 - DATOS DE LONGITUD FIJA--INFORMACIÓN GENERAL
campo de control de longitud fija 150130s1998 dr ac 000 0 spa d
020 ## - NÚMERO INTERNACIONAL ESTÁNDAR DEL LIBRO
Número Internacional Estándar del Libro 8482610988 (v. 1)
020 ## - NÚMERO INTERNACIONAL ESTÁNDAR DEL LIBRO
Número Internacional Estándar del Libro 8482610996 (v. 2)
040 ## - FUENTE DE LA CATALOGACIÓN
Centro catalogador/agencia de origen DO-SdBNP
Lengua de catalogación spa
Centro/agencia transcriptor BNPHU
082 ## - NÚMERO DE LA CLASIFICACIÓN DECIMAL DEWEY
Número de clasificación xxxx
Número de documento/Ítem xxxx
100 1# - ENTRADA PRINCIPAL--NOMBRE DE PERSONA
Nombre de persona Molina Moloon, Andrés
9 (RLIN) 6595
245 10 - MENCIÓN DE TÍTULO
Título Matemáticas :
Resto del título educación media /
Mención de responsabilidad, etc. Andrés Molina Moloon, David Alvarado ; dirección editorial Obdulia García de Escobar ; ilustraciones Ruddy Núñez.
260 ## - PUBLICACIÓN, DISTRIBUCIÓN, ETC.
Lugar de publicación, distribución, etc. Santo Domingo :
Nombre del editor, distribuidor, etc. Santillana,
Fecha de publicación, distribución, etc. 1998.
300 ## - DESCRIPCIÓN FÍSICA
Extensión 4 v :
Otras características físicas il., retrs. ;
Dimensiones 28 cm.
500 ## - NOTA GENERAL
Nota general La biblioteca solamente posee el volumen 1 y 2 y el cuaderno de trabajo del volumen 1.
500 ## - NOTA GENERAL
Nota general Incluye cuaderno de trabajo.
500 ## - NOTA GENERAL
Nota general educación media
505 0# - NOTA DE CONTENIDO CON FORMATO
Nota de contenido con formato v. 1 :
Información miscelánea 2do. ciclo --
Título Álgebra de matrices --
-- Sistemas de ecuaciones --
-- Sistemas de inecuaciones --
-- Funciones (I) --
-- La función exponencial --
-- La función logarítmica --
-- Funciones trigonométricas --
-- La recta en el plano --
-- Curvas de segundo grado --
-- Sucesiones y series --
-- Funciones (II) --
-- Área de figuras planas --
-- Sólidos geométricos --
-- Estadística --
-- Probabilidades --
505 0# - NOTA DE CONTENIDO CON FORMATO
Nota de contenido con formato v. 2 :
Información miscelánea 2do. ciclo --
Título Vectores --
-- Transformaciones geométricas --
-- sucesiones --
-- Trigonometría --
-- Funciones circulares --
-- Números complejos --
-- Análisis combinatorio --
-- Análisis matemático (I) --
-- Análisis matemático (II) --
-- Introducción al cálculo integral --
-- Por cientos y porcentajes --
-- Interés y monto simple. Valor actual --
-- Interés compuesto --
-- Estadística: concepto básico --
-- Probabilidades --
700 1# - PUNTO DE ACCESO ADICIONAL--NOMBRE DE PERSONA
Nombre de persona Alvarado, David
9 (RLIN) 74255
700 1# - PUNTO DE ACCESO ADICIONAL--NOMBRE DE PERSONA
Nombre de persona García Escobar, Obdulia de
Término indicativo de función/relación dir. ed.
9 (RLIN) 29220
700 1# - PUNTO DE ACCESO ADICIONAL--NOMBRE DE PERSONA
Nombre de persona Núñez, Ruddy
Término indicativo de función/relación il.
9 (RLIN) 23171
Existencias
Estado de retiro Estado de pérdida No para préstamo Código de colección Localización permanente Ubicación/localización actual Ubicación en estantería Fecha de adquisición Número de inventario Total de préstamos Signatura topográfica completa Código de barras Fecha visto por última vez Precio válido a partir de Tipo de ítem Koha
    Excluido de préstamo Patrimonio Dominicano Patrimonio Dominicano Patrimonio Dominicano Depósito 07.07.2015 LF1   xxxx xxxx 46218-10 25.06.2020 25.06.2020 Libro y Folleto Colección Patrimonio Dominicano

Con tecnología Koha